000
00291nam a2200097Ia 4500
008
231107s1967 xx 000 0 und d
041
_a
eng
100
_a
Binder Stephen
245
_a
Corporate facility planning An inside view for designers and Managers
260
_a
New York
_b
Mcgraw Hill
_c
1967
999
_c
926324
_d
926324